رشيد رضا، الامام المجاهد ;; Rashīd Riḍā : (Record no. 78409)
[ view plain ]
| 000 -LEADER | |
|---|---|
| fixed length control field | 01284nam a2200277 a 4500 |
| 001 - CONTROL NUMBER | |
| control field | 78409 |
| 003 - CONTROL NUMBER IDENTIFIER | |
| rucl marc code | BD-RjUL |
| 005 - DATE AND TIME OF LATEST TRANSACTION | |
| control field | 20211209083127.0 |
| 008 - FIXED-LENGTH DATA ELEMENTS--GENERAL INFORMATION | |
| fixed length control field | 020227s1964 ua b 000 0bara d |
| 035 ## - SYSTEM CONTROL NUMBER | |
| System control number | (BD-RjUL)78635 |
| 040 ## - CATALOGING SOURCE | |
| Original cataloging agency | DLC |
| Transcribing agency | DLC |
| Modifying agency | MH |
| -- | CStRLIN |
| -- | CtY |
| -- | UkOxU |
| Language of cataloging | eng |
| 041 ## - LANGUAGE CODE | |
| Language code of text/sound track or separate title | ara |
| 082 ## - DEWEY DECIMAL CLASSIFICATION NUMBER | |
| Edition number | 23 |
| Classification number | 297.09103 |
| Author mark and year | ADR 1964 |
| 100 1# - MAIN ENTRY--PERSONAL NAME | |
| Personal name | عدوي، إبراهيم أحمد ;; Adawī, Ibrāhīm Aḥmad. |
| 9 (RLIN) | 248132 |
| 245 10 - TITLE STATEMENT | |
| Title | رشيد رضا، الامام المجاهد ;; Rashīd Riḍā : |
| Remainder of title | al-Imām al-Mujāhid / |
| Statement of responsibility, etc. | لإبراهيم أحمد العدوي.;; li-Ibrāhīm Aḥmad al-ʿAdawī. |
| 260 ## - PUBLICATION, DISTRIBUTION, ETC. (IMPRINT) | |
| Place of publication, distribution, etc. | القاهرة]: ;; [al-Qāhirah] : |
| Name of publisher, distributor, etc. | المؤسسة المصرية العامة للتأليف والأنباء والنشر، ;; al-Muʼassasah al-Miṣrīyah al-ʿAmmah lil-Taʼlīf wa-al-Anbāʿ wa al-Nashr |
| Date of publication, distribution, etc. | [1964?] |
| 300 ## - PHYSICAL DESCRIPTION | |
| Pagination | 288 p. ; |
| Size | 20 cm. |
| 490 0# - SERIES STATEMENT | |
| Series statement | أعلام العرب ؛ ;; alam -ʿArab ; |
| Volume/sequential designation | 33 |
| -- | ٣٣ |
| 504 ## - BIBLIOGRAPHY, ETC. NOTE | |
| Bibliography, etc | Bibliography: p. 285-287. |
| 600 00 - SUBJECT ADDED ENTRY--PERSONAL NAME | |
| Personal name | Muḥammad Rashīd Riḍā. |
| Personal name | رضا، محمد رشيد، |
| Dates associated with a name | 1865-1935 |
| 650 ## - SUBJECT ADDED ENTRY--TOPICAL TERM | |
| Topical term or geographic name as entry element | Islam |
| Form subdivision | History |
| Chronological subdivision | 19th century |
| 9 (RLIN) | 248135 |
| Topical term or geographic name as entry element | Islam |
| Form subdivision | History |
| Chronological subdivision | 20th centur |
| 9 (RLIN) | 248136 |
| 830 ## - SERIES ADDED ENTRY--UNIFORM TITLE | |
| Uniform title | أعلام العرب ؛ |
| Volume number/sequential designation | 33 |
| 942 ## - ADDED ENTRY ELEMENTS (KOHA) | |
| Source of classification or shelving scheme | Dewey Decimal Classification |
| Koha item type | Books |
| Lost status | Source of classification or shelving scheme | Damaged status | Not for loan | Collection code | Permanent Location | Current Location | Shelving location | Date acquired | Source of acquisition | Cost, normal purchase price | Total Checkouts | Full call number | Date last seen | Copy number | Koha item type |
|---|---|---|---|---|---|---|---|---|---|---|---|---|---|---|---|
| Dewey Decimal Classification | Not For Loan | Non-fiction | Central Library, University of Rajshahi | Central Library, University of Rajshahi | Reading Room | 18/10/1973 | Quran Manjil , Rajshahi | 5.00 | A 297.09104 ADR 1964 | 19/09/2021 | C-1 | Books |